000 00999nam a2200229 a 4500
001 000505530
003 AM-YeHGA
005 20251009144854.0
008 061024s1990 ru ||| |||||||||||0|rus|d
040 _aAM-YeHGA
041 1 _arus
_hger
100 1 _aВебер, Макс,
_d1864-1920
245 1 0 _aИзбранные произведения :
_bПер. с нем. /
_cМ. Вебер ; Сост., общ. ред. и послесл. Ю.Н. Давыдова ; Предисл. П.П. Гайденко.
260 _aМосква :
_bПрогресс,
_c1990.
300 _a805 с.
440 0 _aСоциологическая мысль Запада
504 _aБиблиогр. в примеч. в конце работ
650 1 4 _aСоциология
700 1 _aДавыдов, Юрий Николаевич
_eсост.
_4com
_eред.
_4edt
_eавт. послесл.
_4aui
700 1 _aГайденко, Пиама Павловна
_eавт. предисл.
_4aui
942 _2udc
_cBK
999 _c187408
_d187408